| 000 | 00580nam a22001695i 4500 | ||
|---|---|---|---|
| 001 | 48133 | ||
| 003 | ES-MaACL | ||
| 007 | t| | ||
| 008 | 950704s1870 sp ||||1| spa d | ||
| 040 |
_aCAM _bspa _cCAM |
||
| 100 | 1 |
_aChamorro y Abad, Rafael. _937902 |
|
| 245 | 1 | 0 |
_aNuevo sistema fundado en las leyes generales del nuevo material para explicar el calor, la luz, la electricidad y el magnetismo / _cpor Rafael Chamorro y Abad. |
| 260 |
_aMadrid : _b[s.n.], _c1870 ( _fTomás Alonso) |
||
| 300 |
_a98 p. ; _c21 cm. |
||
| 852 |
_aES-MaACL _jG-3629 |
||
| 852 |
_aES-MaACL _jT-972-F-1 |
||
| 999 |
_c48133 _d48133 |
||